|
|
|
|
| LEADER |
00982nam a22002297a 4500 |
| 001 |
AAL9718 |
| 003 |
BD-DhAAL |
| 005 |
20180708095835.0 |
| 008 |
180708s 2011bg ||||| |||| 00| 0 ben d |
| 999 |
|
|
|c 39602
|d 39602
|
| 020 |
|
|
|a 9789845040280
|
| 040 |
|
|
|a BD-DhAAL
|c BD-DhAAL
|
| 082 |
|
|
|a 891/.4414
|
| 100 |
|
|
|a রায়, উত্তমকুমার
|9 26704
|
| 245 |
|
|
|a রবীন্দ্রনাথ ও নোবেল পুরস্কার /
|c উত্তমকুমার রায়
|
| 260 |
|
|
|a ঢাকা :
|b মূর্ধণ্য,
|c ২০১১
|
| 300 |
|
|
|a ৮০ পৃ. :
|b চিত্র ;
|c ২১ সেমি.
|
| 541 |
|
|
|e ৯৭১৮
|
| 600 |
|
|
|a Tagore, Rabindranath,
|d 1861-1941.
|9 18830
|
| 852 |
|
|
|a Savar Campus Library
|c General Shelf
|
| 942 |
|
|
|2 ddc
|c BK
|
| 952 |
|
|
|0 0
|1 0
|2 ddc
|4 0
|6 891_000000000000000__4414_RAY
|7 0
|9 63618
|a SCL
|b SCL
|c GEN
|d 2018-07-08
|e Development Book Agency
|g 120.00
|l 0
|o 891.4414 RAY
|p 3020009718
|r 2018-07-08
|t 1
|w 2018-07-08
|y BK
|